| 000 | 00787nam a22002297a 4500 | ||
|---|---|---|---|
| 005 | 20240530110555.0 | ||
| 008 | 160809b2013 ua g 000 0 ara d | ||
| 017 |
_a2013 /1060 _bمصر . دار الكتب المصريه |
||
| 020 | _a9789770528488 | ||
| 040 | _aEG-CaGPL | ||
| 082 | 0 | 4 |
_221 _a153.3\ _bن ت |
| 100 | 0 | _aنيفين زيور . | |
| 245 | 1 | 2 |
_aالتخييل : _bدراسه فى التحليل النفسى / _cنيفين زيور . |
| 260 |
_aمصر : _bمكتبه الانجلو المصريه ، _c2013 . |
||
| 300 |
_a156 ص ؛ _c24سم . |
||
| 650 | 0 | 4 | _aالتخييل . |
| 650 | 0 | 4 | _aالتخيل . |
| 650 | 0 | 4 | _aعلم نفس تربوى . |
| 650 | 0 | 4 | _aالتخيل الابداعى . |
| 942 |
_2ddc _cBK |
||
| 999 |
_c62543 _d62543 |
||